Asamar Samajik Aru Arthanaitik Buranji (Record no. 4869)

MARC details
000 -LEADER
fixed length control field 00652cam a2200241ua 4500
001 - CONTROL NUMBER
control field 5715
005 - DATE AND TIME OF LATEST TRANSACTION
control field 20260515113927.0
008 - FIXED-LENGTH DATA ELEMENTS--GENERAL INFORMATION
fixed length control field 131008n ii |||gr||||Z||||||asm
020 ## - INTERNATIONAL STANDARD BOOK NUMBER
International Standard Book Number 978-93-81784-20-4
040 ## - CATALOGING SOURCE
Transcribing agency MAIN
082 ## - DEWEY DECIMAL CLASSIFICATION NUMBER
Classification number 954.162
245 ## - TITLE STATEMENT
Title Asamar Samajik Aru Arthanaitik Buranji
Statement of responsibility, etc. by Anita Sarma
250 ## - EDITION STATEMENT
Edition statement 1st ed.
260 ## - PUBLICATION, DISTRIBUTION, ETC.
Place of publication, distribution, etc. Jorhat:
Name of publisher, distributor, etc. Bidya Bhawan,
Date of publication, distribution, etc. 2012.
300 ## - PHYSICAL DESCRIPTION
Extent 231p.
653 ## - INDEX TERM--UNCONTROLLED
Uncontrolled term History
653 ## - INDEX TERM--UNCONTROLLED
Uncontrolled term Asamar Samajik Aru Arthanaitik Buranji
700 ## - ADDED ENTRY--PERSONAL NAME
Personal name Sarma,Anita,
Relator term Author.
700 ## - ADDED ENTRY--PERSONAL NAME
Personal name Goswami,Pankaj,
Relator term Author.,
700 ## - ADDED ENTRY--PERSONAL NAME
Personal name Goswami,Gitarani,
Relator term Author.
700 ## - ADDED ENTRY--PERSONAL NAME
Personal name Borah,Bhupen,
Relator term Author.
942 ## - ADDED ENTRY ELEMENTS (KOHA)
Koha item type Books
Holdings
Withdrawn status Lost status Damaged status Not for loan Home library Current library Shelving location Date acquired Total checkouts Full call number Barcode Date last seen Date last checked out Copy number Price effective from Koha item type
        Naharkatiya College Library Naharkatiya College Library General stacks 09/19/2020 2 954.162 | SAR 21367 04/30/2026 04/30/2026 1 09/19/2020 Books
        Naharkatiya College Library Naharkatiya College Library General stacks 09/19/2020 2 954.162 | SAR 21368 03/17/2026 03/17/2026 2 09/19/2020 Books
        Naharkatiya College Library Naharkatiya College Library General stacks 09/19/2020 3 954.162 | SAR 21369 04/29/2026 04/06/2026 3 09/19/2020 Books